Housekeeping in hospitality operations / (Record no. 357880)
[ view plain ]
| 000 -LEADER | |
|---|---|
| fixed length control field | 00558nam a2200205Ia 4500 |
| 008 - FIXED-LENGTH DATA ELEMENTS--GENERAL INFORMATION | |
| fixed length control field | 180523s9999 xx 000 0 und d |
| 020 ## - INTERNATIONAL STANDARD BOOK NUMBER | |
| International Standard Book Number | 978-93-5115-506-5 |
| 050 ## - LIBRARY OF CONGRESS CALL NUMBER | |
| Classification number | MAIN TX 928 |
| 050 ## - LIBRARY OF CONGRESS CALL NUMBER | |
| Item number | .H68 2015 |
| 245 #0 - TITLE STATEMENT | |
| Title | Housekeeping in hospitality operations / |
| 245 #0 - TITLE STATEMENT | |
| Statement of responsibility, etc | by 3G Learning. |
| 260 ## - PUBLICATION, DISTRIBUTION, ETC. (IMPRINT) | |
| Place of publication, distribution, etc | UAE : |
| 260 ## - PUBLICATION, DISTRIBUTION, ETC. (IMPRINT) | |
| Name of publisher, distributor, etc | 3G Learning FZ LLC, |
| 260 ## - PUBLICATION, DISTRIBUTION, ETC. (IMPRINT) | |
| Date of publication, distribution, etc | 2015 |
| 300 ## - PHYSICAL DESCRIPTION | |
| Extent | 248 page : |
| 300 ## - PHYSICAL DESCRIPTION | |
| Other physical details | illustrations ; |
| 300 ## - PHYSICAL DESCRIPTION | |
| Dimensions | 23 cm. |
| 300 ## - PHYSICAL DESCRIPTION | |
| Accompanying material | + 1 videodisc (DVD : sd., col. ; 4 3/4 in.) |
| 650 ## - SUBJECT ADDED ENTRY--TOPICAL TERM | |
| Topical term or geographic name as entry element | Hotel housekeeping -- Management. |
| Withdrawn status | Lost status | Damaged status | Home library | Current library | Shelving location | Date acquired | Cost, normal purchase price | Total Checkouts | Full call number | Barcode | Date last seen | Price effective from | Koha item type |
|---|---|---|---|---|---|---|---|---|---|---|---|---|---|
| South Mansfield College | South Mansfield College | 02/11/2017 | 3295.00 | MAIN TX 928 .H68 2015 | SMC06089 | 05/23/2018 | 05/23/2018 | Books |